000 00359nam a22001457a 4500
020 _a7161 00797
082 _a346.0486 BLO
100 _aBloxam,George
245 _aLicensing rights in technology
260 _aLondon
_bGA Bloxam
_c1972
300 _axv,218p.
_b22cm.
500 _aincludes indexes
650 _aLicensing rights in technology
942 _cBK
999 _c16713
_d16713